000 00599nam a22002177a 4500
003 OSt
005 20260126075914.0
008 260126b |||||||| |||| 00| 0 eng d
020 _a0-312-16964-7
040 _aDWC-Main lib.
_cOC
082 _aFic. 823.914 C888p 1995
100 _aCrumey, Andrew
245 _aPfitz/
_cAndrew Crumey
260 _aUSA :
_bPicador,
_c c1995
300 _a164 p. ;
_c21 cm.
650 _a1. Domestics - Fiction
650 _a2. Fantastic fiction
650 _a3. Missing persons - Fiction
650 _a4. Princes - Fiction
942 _2ddc
_cFIC.
_hFic.
_n0
999 _c7825
_d7825